Posúdenie výkonnosti podniku kratívneho priemyslu bakalárska práca

Saved in:
Bibliographic Details
Main Author: Lásková, Zuzana
Corporate Author: Fakulta podnikového manažmentu EU. Katedra podnikovohospodárska
Other Authors: Uhliar, Miroslav, 1981-
Format: Book
Language:Slovak
Published: Bratislava 2022
Tags: Add Tag
No Tags, Be the first to tag this record!

MARC

LEADER 00000nbm a2200000 4500
001 0287466
005 20230215120146.5
041 0 |a slo 
044 |a SK 
245 1 0 |a Posúdenie výkonnosti podniku kratívneho priemyslu  |b bakalárska práca  |c Zuzana Lásková ; školiteľ: Miroslav Uhliar 
264 1 |a Bratislava  |c 2022 
300 |a 52 s. 
100 1 |a Lásková, Zuzana 
700 1 |a Uhliar, Miroslav, 1981- 
710 2 |a Fakulta podnikového manažmentu EU. Katedra podnikovohospodárska